Responses for Show #1655 - Friday, November 8, 1991

1991 Tournament of Champions quarterfinal game 5.

Contestants

[<< previous game]

Jim Scott, a legal assistant from Columbia, Maryland

Steve Robin, a marketing consultant from Scottsdale, Arizona

Mark Born, an investment analyst from Los Angeles, California

[next game >>]

Jeopardy! Round responses

U.S. GEOGRAPHY
SCIENCE FICTION
BASEBALL
FASHION DESIGNERS
BOTANY
FILE UNDER "Y"
    $100 1
Louisville (Kentucky)

Jim
    $100 26
Around the World in 80 Days

Steve
    $100 6
Willie Mays

Mark
    $100 8
Spain

Mark
    $100 12
rhubarb

Steve
    $100 17
yogurt

Steve
    $200 2
Deadwood (South Dakota)

Mark
    $200 27
Earth

Mark
    $200 7
Babe Ruth

Steve
    $200 13
Ralph Lauren

Steve
    $200 18
algae

Mark
    $200 22
Yom Kippur

Steve
    $300 3
Fort Worth

Mark
    $300 28
(Steve: What is Star Wars?)

Blade Runner

Steve
Triple Stumper
    $300 9
George Brett

Mark
    $300 14
(Christian) Dior

Jim
    $300 19
Mendel

Steve
    $300 23
yes man

Steve
    $400 4
Mount Washington

Jim
    $400 29
(John) MacDonald

Steve
    $400 10
Billy Martin

Mark
    $400 15
Valentino

Mark
    $400 20
Dutch elm disease

Jim
    $400 24
Yale

Mark
    $500 5
(Mark: What is Montana?)
(Steve: What is Minnesota?)

North Dakota

MarkSteveJim
    $1,000 30
Paddy Chayefsky

Steve
    $500 11
(Alex: Yes, Atlanta and Minnesota.)

Braves and Twins

Jim
    $500 16
Betsey Lee Johnson

Triple Stumper
    $500 21
Hyacinth

Mark
    $500 25
Younger

Steve

Scores at the first commercial break (after clue 14):

Mark Steve Jim
$900 $0 $1,800

Scores at the end of the Jeopardy! Round:

Mark Steve Jim
$2,600 $2,600 $2,200

Double Jeopardy! Round responses

NICKNAMES
FAMOUS SCIENTISTS
PLAYS & PLAYWRIGHTS
BLACK AMERICA
HISTORIC QUOTES
OPERA
    $200 12
Margaret Thatcher

Mark
    $200 17
Einstein

Mark
    $200 2
The Best Man

Steve
    $200 1
United Negro College Fund

Steve
    $200 26
Franklin

Jim
    $200 7
(Jim: What is Mikado?)

Madama Butterfly

SteveJim
    $400 13
Sadat

Jim
    $400 18
Ptolemy

Mark
    $400 3
Six Characters In Search of an Author

Steve
    $400 21
Malcolm X

Jim
    $400 27
I am the state

Jim
    $400 8
The Flying Dutchman

Steve
    $600 14
(Cornelius) Vanderbilt

Mark
    $600 19
Richard Leakey

Steve
    $600 4
Greece

Mark
    $600 22
Montgomery (Alabama)

Jim
    $600 28
American

Steve
    $600 9
Mimi

Mark
    $800 15
Chiang Kai-shek

Steve
    $800 20
Darwin

Jim
    $800 5
(Steve: Who is Truman Capote?)

Tennessee Williams

Steve
Triple Stumper
    $800 23
(Mark: Who is Wilding?)

(Douglas) Wilder

MarkSteve
    $800 29
Thomas Paine

Triple Stumper
    $800 10
Bertolt Brecht

Steve
    $1000 16
(Alex: Son of Oliver.)

Richard Cromwell

Mark
    $1000 24
Maria Mitchell

Triple Stumper
    $1,200 6
(Federico Garcia) Lorca

Mark
    $1000 25
Ralph Bunche

Mark
    $1000 30
(Horatio) Nelson

Mark
    $1,500 11
Susan B. Anthony

Steve

Scores at the end of the Double Jeopardy! Round:

Mark Steve Jim
$8,600 $8,300 $4,800

Final Jeopardy! Round responses

ACTRESSES & THEIR ROLES
JimWho is Bancroft
$4,750
SteveWho is Anne Bancroft
$6,000
MarkWho is Bancroft
$8,001
Anne Bancroft

Final scores:

Mark Steve Jim
$16,601 $14,300 $9,550
Automatic semifinalist 2nd place: $1,000 if eliminated + Jeopardy! 25th Anniversary home game or computer version 3rd place: $1,000 if eliminated + Jeopardy! 25th Anniversary home game or computer version

Game dynamics:

Coryat scores:

Mark Steve Jim
$8,400 $7,300 $4,800
21 R
(including 1 DD),
2 W
22 R
(including 2 DDs),
3 W
12 R,
1 W

Combined Coryat: $20,500

[game clues] [game scores] [suggest correction]

Game tape date: 1991-10-14
The J! Archive is created by fans, for fans. Scraping, republication, monetization, and malicious use prohibited; this site may use cookies and collect identifying information. See terms. The Jeopardy! game show and all elements thereof, including but not limited to copyright and trademark thereto, are the property of Jeopardy Productions, Inc. and are protected under law. This website is not affiliated with, sponsored by, or operated by Jeopardy Productions, Inc. Join the discussion at JBoard.tv.